Statistics for Coastal countries with no islands

Click here to take the quiz!

General Stats

  • This quiz has been taken 248 times
    (235 since last reset)
  • The average score is 4 of 8

Answer Stats

Answer% Correct
Belgium
65%
Gambia
54%
Monaco
54%
Democratic Republic of the Congo
49%
Togo
49%
Benin
48%
Iraq
40%
Jordan
32%

Score Distribution

Percentile by Number Answered

Percent of People with Each Score

Your Score History

You have not taken this quiz since the last reset